Liedtext - Alles nur geklaut - Die Prinzen - Statistiken

Allgemein
  • Dieses Quiz wurde 113 mal gespielt
  • Das Durchschnittsergebnis liegt bei 28 aus 51
Antwortstatistiken
Antwort Antwort Antwort Antwort Antwort Antwort Antwort Antwort % Korrekt
das ich und eyo geh meine deinen ich
71%
Ich Eyo tierisch ist mir denn Nur Eyo
70%
schreibe eyo reich alles erlaubt zu gezogen Eyo
70%
ihn eyo der alles bald ist mir Eyo
70%
eyo Eyo Teich ist nicht Das mir Eyo
70%
Ganz eyo Und alles leicht ist erlaubt Eyo
70%
Keiner Eyo Ich ich Und alles auch Eyo
70%
eyo das ich durch geraubt Und alles das
68%
einen Das Ich nur Ich meinem und Das
68%
schon Das Sonne gar schon alles erlaubt Das
68%
im das ein geklaut mich gar Eyo das
68%
kriegt das bin nur spreche nur nicht Das
68%
das
68%
das
68%
eyo nur Ich Doch hab du und nur
66%
mit nur hab Eyo Das Eyo hab nur
66%
geht nur ein Doch mit Eyo Heiligenschein nur
66%
Alle nur Held Eyo in eyo Denn nur
66%
klug Nur um nur sag ich sei Nur
66%
eyo geklaut bin das ich mich gestohlen geklaut
65%
Eyo geklaut großen Das wird eyo ich geklaut
65%
halten geklaut Und Das dein Doch du geklaut
65%
Eyo alles erlaubt Geld das küsst geklaut alles
63%
Die alles einen Eyo dich weißt Entschuldigung alles
63%
singen alles Ich meine ich geklaut das alles
63%
genug alles großer alleine Gedicht Eyo rein alles
63%
eyo ist mir mein Entschuldigung dann nur ist
63%
Hit ist fahre geklaut will Glück geraubt ist
63%
Alle ist glänzt nicht merke nur Entschuldigung ist
63%
davon ist ein ganz ein geklaut mehr ist
63%
Nation nicht der Das verführen nicht hab nicht
54%
ganze gar benz eyo gern du das gar
53%
Eyo Denn hab schöner und dich ist Und
47%
mich und ich ist Gesicht das hast und
47%
merkt und Welt und schrieb ganz noch und
47%
erlaubt
45%
erlaubt
45%
keiner geraubt Ich gestohlen es alleine was geraubt
45%
für gestohlen reise alles Ich weiß Gott gestohlen
44%
Hoffentlich gezogen die geklaut ich nur Dank gezogen
40%
Chor weiß Schloss Eyo Ich nicht Auf weiß
37%
Ohr alleine Ross weiß spazieren ist ich alleine
36%
ins ganz weißes das dir Das fall ganz
36%
laut Doch davor nur für alles Eyo Doch
31%
kennt meine in ist Doch Das ich deine
26%
den Entschuldigung werde Nur nur Eyo im Wer
22%
Wer
22%
dir
21%
dir
21%
Betrug das immer gezogen für Das Schrank hat
20%
hat
20%
Keine übereinstimmenden Quizze gefunden
Verteilung der Resultate
Anzahl Personen mit jedem Resultat
Perzentil nach korrekt beantworteten Fragen
Ihre Resultats-Entwicklung
Sie haben dieses Quiz noch nicht gespielt